000 00468nam a22001697a 4500
999 _c27142
_d27142
003 BDDh-ASL
005 20231015030729.0
008 211026s1931 ii ||||| |||| 00| 0 u d
040 _aBDDh-ASL
_cBDDh-ASL
082 _a297.3
_bSHI
100 1 _95416
_aShamsuddin, Pir
245 1 0 _aIslami Purdah : / اسلامی پردہ
260 _aAligarh :
_bMuslim University Press ,
_c1931.
300 _a136 p. :
_c25 cm.
650 0 _91652
_aIslam
942 _2ddc
_cBK